The noble scholar, jurist, historian


 His Excellency Dr. Abdul Wahhab bin Ibrahim Abu Sulaiman, may Allah have mercy on him.


 He was born in Umm Al-Qura in the year 1356 AH.

رسالة في فضل إنشاء المساجد وعمارتها / (Record no. 13203)

MARC details
000 -LEADER
fixed length control field 01150cam a2200289 i 4500
003 - CONTROL NUMBER IDENTIFIER
control field SA-RiAUC
005 - DATE AND TIME OF LATEST TRANSACTION
control field 20251112122850.0
008 - FIXED-LENGTH DATA ELEMENTS--GENERAL INFORMATION
fixed length control field 251109s1971 ua g 00000 ara c
040 ## - CATALOGING SOURCE
Original cataloging agency SA-RiKSU
Language of cataloging ara
Transcribing agency SA-RiAUC
Description conventions rda
050 #4 - LIBRARY OF CONGRESS CALL NUMBER
Item number .U34 1971
082 0# - DEWEY DECIMAL CLASSIFICATION NUMBER
Classification number 215
Assigning agency SA-RiAUC
090 ## - LOCALLY ASSIGNED LC-TYPE CALL NUMBER (OCLC); LOCAL CALL NUMBER (RLIN)
Classification number (OCLC) (R) ; Classification number, CALL (RLIN) (NR) 215
Local cutter number (OCLC) ; Book number/undivided call number, CALL (RLIN) ا ج هـ
100 1# - MAIN ENTRY--PERSONAL NAME
Personal name الأجهوري، علي بن محمد بن عبد الرحمن،
Dates associated with a name 967-1066 هجري
Relator term مؤلف.
245 10 - TITLE STATEMENT
Title رسالة في فضل إنشاء المساجد وعمارتها /
Statement of responsibility, etc. للأجهوري ؛ تعليق حسنين محمد مخلوف.
264 #1 - PRODUCTION, PUBLICATION, DISTRIBUTION, MANUFACTURE, AND COPYRIGHT NOTICE
Place of production, publication, distribution, manufacture القاهرة :
Name of producer, publisher, distributor, manufacturer مكتبة ومطبعة مصطفى البابي الحلبي،
Date of production, publication, distribution, manufacture, or copyright notice [1971]
300 ## - PHYSICAL DESCRIPTION
Extent 32 صفحة؛
Dimensions 21 سم.
336 ## - CONTENT TYPE
Content type term نص
Content type code txt
Source rdacontent
Materials specified كتاب
337 ## - MEDIA TYPE
Media type term بدون وسيط
Media type code n
Source rdamedia
338 ## - CARRIER TYPE
Carrier type term مجلد
Carrier type code nc
Source rdacarrier
650 #7 - SUBJECT ADDED ENTRY--TOPICAL TERM
Topical term or geographic name entry element المساجد
General subdivision عمارة
Source of heading or term aucsh
650 #7 - SUBJECT ADDED ENTRY--TOPICAL TERM
Topical term or geographic name entry element المساجد
Source of heading or term aucsh
653 ## - INDEX TERM--UNCONTROLLED
Uncontrolled term الديانات
653 ## - INDEX TERM--UNCONTROLLED
Uncontrolled term النوادر
700 1# - ADDED ENTRY--PERSONAL NAME
Personal name مخلوف، حسنين محمد،
Dates associated with a name 1890-1990
Relator term معلق.
942 ## - ADDED ENTRY ELEMENTS (KOHA)
Source of classification or shelving scheme Dewey Decimal Classification
Koha item type Books
Suppress in OPAC No
949 ## - LOCAL PROCESSING INFORMATION (OCLC)
a SA-JeALM
d 251109
u mohamedma123
n 1
Holdings
Withdrawn status Lost status Source of classification or shelving scheme Damaged status Not for loan Home library Current library Date acquired Total checkouts Full call number Barcode Date last seen Price effective from Koha item type
    Dewey Decimal Classification     DR AbdElwahab Library DR AbdElwahab Library 11/12/2025   215 ا ج هـ 000021073 11/12/2025 11/12/2025 Books